| 000 | 00573nam a2200217 a 4500 | ||
|---|---|---|---|
| 001 | 17656 | ||
| 003 | CO-ViMGA | ||
| 008 | 141112s2004 ck r 000 u spa d | ||
| 020 | _a9682458935 | ||
| 040 |
_aCO-ViMGA _bspa _cCO-ViMGA |
||
| 082 | 0 | 4 | _a759.05 S635m |
| 100 | 1 |
_aSpence, David _925052 |
|
| 245 | 1 | 0 | _aMonet . Impresionismo |
| 260 |
_aMexico, _cTrillas, _c2001 |
||
| 300 | _a32.p. | ||
| 490 | _aGrandes artistas | ||
| 590 | _aForma de adquisición : Premio - Mincultura | ||
| 650 | 1 | 4 | _aMONET, CLAUDE 1840 - 1926 |
| 650 | 1 | 4 |
_aPINTORES _910178 |
| 942 |
_2ddc _cBK |
||
| 999 |
_c27144 _d27144 |
||